000 00291nam a2200121Ia 4500
008 230303s9999 xx 000 0 und d
041 _aeng
082 _a006.3 GER
100 _aGERO (John. S)
245 _aArtificial Intelligence in Design 02
260 _bACADEMY PRESS B
365 _cRS
999 _c181170
_d181170